[Event "BCF-chT2 9899 (4NCL)"]
[Site "England"]
[Date "1998.11.21"]
[Round "3.8"]
[White "Tidman, Sophie E"]
[Black "Gale, Helen"]
[Result "1-0"]
[WhiteElo "1768"]
[BlackElo "1445"]
[PlyCount "33"]
[EventDate "1998.10.??"]
[EventType "team"]
[EventRounds "11"]
[EventCountry "ENG"]
[SourceTitle "EXT 2000"]
[Source "ChessBase"]
[SourceDate "1999.11.16"]
[SourceVersion "1"]
[SourceVersionDate "1999.11.16"]
[SourceQuality "1"]
[WhiteTeam "Bristol II"]
[BlackTeam "Gwent Dragons"]
[WhiteTeamCountry "ENG"]
[BlackTeamCountry "ENG"]

1. e4 e5 2. Nf3 Nc6 3. d4 exd4 4. c3 dxc3 5. Nxc3 Bb4 6. Bc4 d6 7. Qb3 Qe7 8. 0-0 Bxc3 9. bxc3 Nf6 10. e5 dxe5 11. Ba3 Qd7 12. Rad1 Na5 13. Bxf7+ Qxf7 14. Rd8+ Kxd8 15. Qxf7 Re8 16. Rd1+ Bd7 17. Qxg7 1-0